El Amadís y el Quijote (Record no. 74394)

MARC details
000 -LEADER
campo de control de longitud fija 00846nam a2200217 i 4500
001 - NÚMERO DE CONTROL
campo de control 74394
003 - IDENTIFICADOR DE NÚMERO DE CONTROL
campo de control ES-MaACL
005 - FECHA Y HORA DE LA ÚLTIMA TRANSACCIÓN
campo de control 20240222171229.0
007 - CAMPO FIJO DE DESCRIPCIÓN FÍSICA--INFORMACIÓN GENERAL
campo de control de longitud fija t|
008 - DATOS DE LONGITUD FIJA--INFORMACIÓN GENERAL
campo de control de longitud fija 040917s1947 sp ||||1| spa d
100 1# - ENTRADA PRINCIPAL--NOMBRE DE PERSONA
Nombre de persona Olmedo, Félix G.
9 (RLIN) 58847
245 13 - MENCIÓN DEL TÍTULO
Título El Amadís y el Quijote
Resto del título : soneto famoso de Cervantes al túmulo de Felipe II : El Persiles /
Mención de responsabilidad, etc. por Félix G. Olmedo.
260 ## - PUBLICACIÓN, DISTRIBUCIÓN, ETC.
Lugar de publicación, distribución, etc. [Madrid] :
Nombre del editor, distribuidor, etc. Editora Nacional,
Fecha de publicación, distribución, etc. 1947 (
Fabricante Gráf. Valera)
300 ## - DESCRIPCIÓN FÍSICA
Extensión 214 p. ;
Dimensiones 25 cm.
600 14 - PUNTO DE ACCESO ADICIONAL DE MATERIA--NOMBRE DE PERSONA
Nombre de persona Cervantes Saavedra, Miguel de,
Fechas asociadas al nombre 1547-1616.
Título de la obra Don Quijote de la Mancha
9 (RLIN) 37612
600 17 - PUNTO DE ACCESO ADICIONAL DE MATERIA--NOMBRE DE PERSONA
Nombre de persona Cervantes Saavedra, Miguel de,
Fechas asociadas al nombre 1547-1616.
Título de la obra Los trabajos de Persiles y Sigismunda
Fuente del encabezamiento o término
9 (RLIN) 157465
600 04 - PUNTO DE ACCESO ADICIONAL DE MATERIA--NOMBRE DE PERSONA
Nombre de persona Felipe
Numeración II
Títulos y otros términos asociados al nombre Rey de España-
Subdivisión general Exequias.
9 (RLIN) 162085
630 04 - PUNTO DE ACCESO ADICIONAL DE MATERIA--TÍTULO UNIFORME
Título uniforme Amadís de Gaula.
9 (RLIN) 140846
852 ## - LOCALIZACIÓN
Ubicación ES-MaACL
Número de control de estantería C-4320
Holdings
Estatus retirado Estado de pérdida Estado de daño No para préstamo Biblioteca de origen Biblioteca actual Ubicación en estantería Fecha de adquisición Fuente de adquisición Total de préstamos Signatura topográfica completa Código de barras Visto por última vez Precio de reemplazo Tipo de ítem Koha
        Biblioteca del Ateneo de Madrid Biblioteca del Ateneo de Madrid Sala Palomar 17/01/2008     C-4320 1077875 23/02/2023 23/02/2023 Libro impreso